000 00789nam a2200241 i 4500
001 186544
003 SpMaBN
005 20260525062938.0
008 161123s1947 ag |||| | spa d
080 _a821.124-22"-01"
100 1 _aTerencio Africano, Publio.
_9109734
245 1 4 _aLos hermanos
_b; El eunuco ; Formión /
_cPublio Terencio Afer ; [traducido por Pedro Simón Abril].
246 1 0 _aFormión
250 _a2ª ed.
260 _aBuenos Aires :
_bEspasa-Calpe Argentina,
_c1947.
300 _a181 p. ;
_c18 cm.
490 1 _aColección austral ;
_v743
700 1 _aAbril, Pedro Simón,
_d1530?-1595?
_918170
740 3 2 _aEl eunuco.
830 0 _aColección austral
_v743
_9177655
852 _aES-MaACL
_jL-30889
_z. - Donat. Miguel A. Velasco
999 _c186544
_d186544